00643nam a2200169 a 450000100100000000500170001000800410002702000150006804000250008308200180010810000260012624500610015226001390021330000210035250000580037371000420043100002556220200930023859.0110217s1989 xxu r 000 0 eng d a0935501177 aDO-SdBNPbspacBNPHU axxxxxxbR175p1 aRamos, Marcos Antonio10aProtestantism and revolution in Cuba /cMarcos A. Ramos. aFlorida, Estados Unidos :bInsitute for Interamerican Studies, Graduate School of International Studies :bUniversity of Miami,c1989. a168 p. ;c21 cm. aEn la portada : Research Institute for Cuban Studies.1 aResearch Institute for Cuban Studies.